THE SALE OF GOODS ACT AND THE INDIAN PARTNERSHIP ACT (Record no. 10264)
[ view plain ]
| 000 -LEADER | |
|---|---|
| fixed length control field | 00387nam a22001577a 4500 |
| 003 - CONTROL NUMBER IDENTIFIER | |
| control field | SGT |
| 020 ## - INTERNATIONAL STANDARD BOOK NUMBER | |
| International Standard Book Number | 9788180387302 |
| 082 ## - DEWEY DECIMAL CLASSIFICATION NUMBER | |
| Classification number | 340,MUL |
| 100 ## - MAIN ENTRY--PERSONAL NAME | |
| Personal name | MULLA, DINSHAH FARDUNJI. |
| 245 ## - TITLE STATEMENT | |
| Title | THE SALE OF GOODS ACT AND THE INDIAN PARTNERSHIP ACT |
| 250 ## - EDITION STATEMENT | |
| Edition statement | 10TH |
| 260 ## - PUBLICATION, DISTRIBUTION, ETC. (IMPRINT) | |
| Place of publication, distribution, etc | NEW DELHI |
| Name of publisher, distributor, etc | LEXIS NEXIS |
| Year of Publication | 2015 |
| 300 ## - PAGE DESCRIPTION | |
| No. of Pages | 333 |
| 650 ## - SUBJECT ADDED ENTRY--TOPICAL TERM | |
| Topical term or geographic name as entry element | THE INDIAN PARTNERSHIP |
| 942 ## - ADDED ENTRY ELEMENTS (KOHA) | |
| Source of classification or shelving scheme | Dewey Decimal Classification |
| Koha item type | Books |
| 942 ## - ADDED ENTRY ELEMENTS (KOHA) | |
| -- | 8 |
| Withdrawn status | Lost status | Source of classification or shelving scheme | Damaged status | Not for loan | Collection code | Home library | Current library | Shelving location | Date acquired | Vendor Name | Cost, normal purchase price | SGTU | Bill Number | Total Checkouts | Full call number | Accession No. (Barcode) | Date last seen | Date last borrowed | Bill Date | Koha item type | Total Renewals |
|---|---|---|---|---|---|---|---|---|---|---|---|---|---|---|---|---|---|---|---|---|---|
| Dewey Decimal Classification | LAW | SGT Science & Social Sciences Library | SGT Science & Social Sciences Library | Text Book | 17/12/2016 | SETH AND COMPANY | 495.00 | SGTU | 3124 | 4 | 340,MUL | FL1515 | 20/11/2024 | 27/09/2024 | 14/12/2016 | Books | |||||
| Dewey Decimal Classification | LAW | SGT Science & Social Sciences Library | SGT Science & Social Sciences Library | Text Book | 17/12/2016 | SETH AND COMPANY | 495.00 | SGTU | 3124 | 4 | 340,MUL | FL1516 | 11/11/2025 | 30/10/2025 | 14/12/2016 | Books | |||||
| Dewey Decimal Classification | LAW | SGT Science & Social Sciences Library | SGT Science & Social Sciences Library | Text Book | 17/12/2016 | SETH AND COMPANY | 495.00 | SGTU | 3124 | 5 | 340,MUL | FL1517 | 21/10/2024 | 09/10/2024 | 14/12/2016 | Books | 1 | ||||
| Dewey Decimal Classification | LAW | SGT Science & Social Sciences Library | SGT Science & Social Sciences Library | Text Book | 17/12/2016 | SETH AND COMPANY | 495.00 | SGTU | 3124 | 8 | 340,MUL | FL1518 | 10/01/2025 | 30/12/2024 | 14/12/2016 | Books | |||||
| Dewey Decimal Classification | Not For Loan | LAW | SGT Science & Social Sciences Library | SGT Science & Social Sciences Library | Reference Book | 17/12/2016 | SETH AND COMPANY | 495.00 | SGTU | 3124 | 340,MUL | FL1519 | 17/12/2016 | 14/12/2016 | Books |